000 00790nam a2200229Ii 4500
003 JO-AjNU
008 230605s9999||||xx |||||||||||||| ||und||
017 _a2018/6/2979
020 _a978-9957-94-474-2
040 _aJO-AjNU
_bara
_erda
_cJO-AjNU
041 _aara
050 1 4 _aGR295.J67.H5537.2020
100 3 _aالهلال، عارف عواد,
_eauthor
_962621
245 0 0 _aالوسم عند القبائل الاردنية
250 _aط1
264 3 1 _aعمان: وزارة الثقافة، 2020
300 _a164ص
336 _atext
_btxt
_2rdacontent
337 _aunmediated
_bn
_2rdamedia
338 _avolume
_bnc
_2rdacarrier
650 4 _aالاردن-حياة وعادات اجتماعية-القبائل-العادات والتقاليد-الفولكلور
_962622
999 _aA28365
_c31933
_d31933